000
00232 a2200097 4500
100
_a
Sidhwa, J B
245
_a
textbook of Inorganic chemistry
260
_a
_b
Iqbal Publisher
_c
090
_c
16957
_d
16957
942
_a
NUST-CAE
_c
M
_c
7732
999
_c
381477
_d
381477